000 00685nam a22002417a 4500
003 UA-OsUOA
001 95986
007 ta
008 20130313b un ||||| |||| 00| 0 ukr d
100 _aКучеров А.
090 _a821.161.1
_bК95
942 _cBK
040 _aUA-OsUOA
_brus
_cUA-OsUOA
_dUA-OsUOA
245 _aСлужили два товарища...
_bповести и рассказы
300 _a493 с.
955 _a3
041 _arus
080 _a821.161.1
260 _aЛенинград
_bСоветский писатель
_c1989
044 _aRU
650 7 _a82 Література. Літературознавство
_2UDC
999 _c382232
_d382232